Euroopan maantiedettä kirjaimittain - G - Statistics

Yleistilastot
  • Tätä visaa on pelattu 964 kertaa
  • Keskiarvotulos 9 / 20
Vastaustilastot
Vihje Vastaus % Oikein
Ruotsin toiseksi suurin kaupunki Göteborg
96%
Ruotsin suurin saari Gotlanti
84%
Salmi Espanjan ja Marokon välissä {Gibraltarin}salmi
78%
Skotlannin väkirikkain kaupunki Glasgow
72%
Italian suurin järvi ja suosittu lomakohde {Garda}järvi
65%
Aiemmin myös nimellä Danzig tunnettu puolalainen kaupunki Gdańsk
61%
Observatoriostaan tunnettu Lontoon kaupunginosa, jonka mukaan GMT-aika nimettiin Greenwich
61%
Alppien suurin järvi {Geneven}järvi
44%
Yksi Keski-Euroopan mäkiviikon kilpailupaikoista ja vuoden 1936 talviolympialaiset järjestenyt kaupunki Saksassa Garmisch-Partenkirchen
40%
Entisen meritasavallan pääkaupunki ja nykyisen Italiassa sijaitsevan Ligurian alueen pääkaupunki Genova
37%
Belgiassa sijaitseva kaupunki, joka oli väkiluvultaan Euroopan toiseksi suurin 1000–1200-luvuilla Gent
37%
Vuoden 1968 talviolympialaiset järjestänyt kaupunki kaakkois-Ranskassa Grenoble
34%
Itävallan toiseksi suurin kaupunki, jonka vanhakaupunki on maailmanperintökohde Graz
33%
Ruotsin eteläisin pääalue ja osa kahden maakunnan nimestä Götanmaa
31%
Aiemmin islamilaisen emiraatin pääkaupunkina toiminut kaupunki Espanjassa Granada
30%
Yksi Kanaalisaarista Guernsey
28%
Basalttipylväät Irlannin pohjoisrannikolla {Giant}'s Causeway
24%
Omaa kieltänsä puhuva alue luoteis-Espanjassa Galicia
20%
Nimeä toinen kirjaimella G alkavista Alankomaiden provinsseista Gelderland / Groningen
14%
Maltan toiseksi suurin saari Gozo
11%
Ehtoja vastaavia visoja ei löytynyt
Tulosjakauma
Jokaisen tuloksen saaneiden osuus
Persentiili vastausten määrän mukaan
Tuloshistoriasi
Et ole pelannut tätä visaa